[Event "25.Schlosspark-Open"]
[Site "Wiesbaden-Biebrich"]
[Date "2013.08.23"]
[Round "3.51"]
[White "Wilke, Tabea"]
[Black "Weiland, Thomas"]
[Result "1-0"]
[WhiteElo "1749"]
[BlackElo "1997"]
[PlyCount "97"]
[EventDate "2013.??.??"]
[WhiteTeam "SC 1979 Hattersheim"]
[BlackTeam "SV Oberursel"]

1. e4 d5 2. exd5 Nf6 3. Bb5+ Bd7 4. Bc4 Bg4 5. f3 Bf5 6. Nc3 Nbd7 7. g4 Bg6 8.
g5 Ng8 9. d4 a6 10. Qe2 h6 11. gxh6 Nxh6 12. Bf4 Nb6 13. Bb3 Nf5 14. O-O-O Rh4
15. Qd2 Qd7 16. Nge2 O-O-O 17. Bg3 Rh8 18. Nf4 Bh7 19. Ne4 Nd6 20. Rhe1 Bf5 21.
Nd3 Nxe4 22. fxe4 Bg4 23. Ne5 Qb5 24. Nxg4 a5 25. Qf4 Na8 26. Rd3 f6 27. Rc3
Rd6 28. e5 g5 29. Qf5+ Rd7 30. e6 Rd8 31. Nxf6 a4 32. Qe5 Rd6 33. Rc5 Qb4 34.
Ne8 axb3 35. Nxd6+ exd6 36. Qxh8 Kb8 37. Qxf8+ Ka7 38. Rc3 bxa2 39. Ra3+ Qxa3
40. bxa3 a1=Q+ 41. Kd2 Qxd4+ 42. Ke2 Qxd5 43. Kf1 Nb6 44. e7 Nc4 45. e8=Q g4
46. Qa8+ Kb6 47. Rb1+ Kc5 48. Bf2+ Kc6 49. Qfe8# 1-0

[Event "25.Schlosspark-Open"]
[Site "Wiesbaden-Biebrich"]
[Date "2013.08.23"]
[Round "3.52"]
[White "Diez, Gerhard"]
[Black "Goebel, Knut"]
[Result "1/2-1/2"]
[WhiteElo "1996"]
[BlackElo "1766"]
[PlyCount "72"]
[EventDate "2013.??.??"]
[WhiteTeam "SC Bad Nauheim"]
[BlackTeam "SC Ober-Ramstadt"]

1. e4 c6 2. d4 d5 3. exd5 cxd5 4. c4 Nf6 5. Nc3 Nc6 6. Bg5 dxc4 7. d5 Ne5 8.
Qd4 h6 9. Bh4 Ned7 10. Bxc4 Nb6 11. Bxf6 exf6 12. Bb5+ Bd7 13. Nf3 Bd6 14. O-O
O-O 15. Rfe1 Rc8 16. Bd3 Re8 17. Rxe8+ Qxe8 18. Re1 Qd8 19. Ne4 Bb8 20. Nc5 Qc7
21. b4 Qf4 22. a3 Be5 23. Qe4 Qxe4 24. Bxe4 Bb2 25. Nxd7 Nxd7 26. Bf5 Rd8 27.
a4 Ne5 28. Be4 b6 29. Rd1 Nxf3+ 30. Bxf3 Be5 31. Rc1 Bd6 32. Rc4 g6 33. Kf1 Re8
34. g3 Kf8 35. Be2 h5 36. f4 f5 1/2-1/2

[Event "25.Schlosspark-Open"]
[Site "Wiesbaden-Biebrich"]
[Date "2013.08.23"]
[Round "3.53"]
[White "Cichy, Michael"]
[Black "Kokhnover, Ilia"]
[Result "0-1"]
[WhiteElo "1992"]
[BlackElo "1757"]
[PlyCount "83"]
[EventDate "2013.??.??"]
[WhiteTeam "SC Braunschweig Gliesmarode v. 1"]
[BlackTeam "vereinslos"]

1. d4 Nf6 2. Nf3 c5 3. d5 d6 4. Nc3 Bf5 5. Nd2 e6 6. e4 Bg6 7. Be2 exd5 8. exd5
Be7 9. O-O O-O 10. Nc4 a6 11. a4 Nbd7 12. f4 h6 13. f5 Bh7 14. Ra3 Nb6 15. Ne3
Nbd7 16. Kh1 Ne5 17. Bd2 Rb8 18. a5 Qc8 19. Na4 Ne4 20. Nb6 Qc7 21. Be1 Bg5 22.
h4 Bxe3 23. Rxe3 Nf6 24. g4 Nfd7 25. Nxd7 Qxd7 26. f6 gxf6 27. Rxf6 Kg7 28. g5
hxg5 29. hxg5 Rh8 30. Kg1 Bg6 31. Bg3 Rh7 32. Rxe5 dxe5 33. Bxe5 Rh1+ 34. Kxh1
Qh3+ 35. Bh2 Rh8 36. Rf2 Qg3 37. Qg1 Be4+ 38. Bf3 Bxf3+ 39. Rxf3 Qxf3+ 40. Qg2
Qd1+ 41. Qg1 Qxd5+ 42. Qg2 0-1

[Event "25.Schlosspark-Open"]
[Site "Wiesbaden-Biebrich"]
[Date "2013.08.23"]
[Round "3.54"]
[White "Kobs, Stephan"]
[Black "Pade, Joachim"]
[Result "1-0"]
[WhiteElo "1986"]
[BlackElo "1754"]
[PlyCount "85"]
[EventDate "2013.??.??"]
[WhiteTeam "SC Bad Salzdetfurth"]
[BlackTeam "Sfr. Anderssen Wetzlar"]

1. e4 e6 2. d4 d5 3. Nc3 Bb4 4. a3 Bxc3+ 5. bxc3 dxe4 6. f3 exf3 7. Nxf3 h6 8.
Bd3 Nf6 9. O-O O-O 10. Qe1 Re8 11. Qg3 Kf8 12. a4 c5 13. Ba3 Nfd7 14. Ne5 Re7
15. Ng6+ Kg8 16. Nxe7+ Qxe7 17. Rae1 Nc6 18. d5 Nd8 19. Qc7 b6 20. d6 Qe8 21.
Be4 Rb8 22. Qxa7 Bb7 23. Bxb7 Rxb7 24. Qa6 Nb8 25. Qb5 Nbc6 26. Rd1 Qd7 27. Bc1
g5 28. Rf6 Kg7 29. Qf1 Ne5 30. h4 Ng6 31. hxg5 h5 32. Qf3 Qxa4 33. Rxg6+ fxg6
34. Qf6+ Kh7 35. Qxd8 Rf7 36. Rf1 Rxf1+ 37. Kxf1 Qa1 38. Qe7+ Kh8 39. Qf8+ Kh7
40. Qf7+ Kh8 41. Qf4 Qa6+ 42. c4 Kg8 43. d7 1-0

[Event "25.Schlosspark-Open"]
[Site "Wiesbaden-Biebrich"]
[Date "2013.08.23"]
[Round "3.55"]
[White "Diehl, Stefan"]
[Black "Schmidt, Volker"]
[Result "0-1"]
[WhiteElo "1699"]
[BlackElo "1968"]
[PlyCount "100"]
[EventDate "2013.??.??"]
[WhiteTeam "SC 1910 Höchst"]
[BlackTeam "SAbt TuS Dotzheim"]

1. f4 c5 2. Nf3 Nc6 3. e3 g6 4. Be2 Bg7 5. O-O Nf6 6. Nc3 d5 7. Ne5 O-O 8. Nxc6
bxc6 9. Bf3 Rb8 10. Rb1 Qa5 11. b3 Ba6 12. Be2 c4 13. Na4 Ne4 14. d4 Bb5 15.
Nc5 Nxc5 16. dxc5 Qxa2 17. Bd2 cxb3 18. cxb3 Bxe2 19. Qxe2 Rxb3 20. Rxb3 Qxb3
21. Qa6 Qc2 22. Qa5 Qd3 23. Qb4 a6 24. Rf3 e6 25. Kf2 d4 26. exd4 Qxd4+ 27.
Qxd4 Bxd4+ 28. Be3 Bxe3+ 29. Kxe3 Rd8 30. Rf2 Rd5 31. Ra2 Rxc5 32. Rxa6 Kg7 33.
Ra2 h5 34. Kd4 Rd5+ 35. Ke4 f5+ 36. Ke3 Kf6 37. Rc2 c5 38. g3 e5 39. Rb2 Rd6
40. Rb5 Rc6 41. h4 Ke6 42. Rb8 e4 43. Rd8 Rd6 44. Re8+ Kd5 45. Rg8 Kc4 46. Re8
Kc3 47. Ra8 c4 48. Rb8 Kc2 49. Ke2 c3 50. Rb7 Rd3 0-1

[Event "25.Schlosspark-Open"]
[Site "Wiesbaden-Biebrich"]
[Date "2013.08.23"]
[Round "3.56"]
[White "Bratmann, Marc"]
[Black "Karthaus, Carsten"]
[Result "0-1"]
[WhiteElo "1730"]
[BlackElo "1965"]
[PlyCount "44"]
[EventDate "2013.??.??"]
[WhiteTeam "SAbt TuS Dotzheim"]
[BlackTeam "SG Stern Stuttgart"]

1. e4 d5 2. exd5 Qxd5 3. Nc3 Qa5 4. d4 c6 5. Nf3 Nf6 6. Bd2 Qc7 7. Bd3 Bg4 8.
Qe2 Nbd7 9. Ne4 e6 10. O-O-O O-O-O 11. h3 Bh5 12. Rhe1 Nd5 13. g4 Bg6 14. Nh4
Nf4 15. Qf3 Nxd3+ 16. Qxd3 Nc5 17. Qf3 Nxe4 18. Nxg6 Nxd2 19. Rxd2 hxg6 20. Re3
Bd6 21. Re4 f5 22. gxf5 exf5 0-1

[Event "25.Schlosspark-Open"]
[Site "Wiesbaden-Biebrich"]
[Date "2013.08.23"]
[Round "3.57"]
[White "Triantafillidis, Zoe"]
[Black "Rump, Andreas"]
[Result "1/2-1/2"]
[WhiteElo "1691"]
[BlackElo "1954"]
[PlyCount "45"]
[EventDate "2013.??.??"]
[WhiteTeam "SF HN-Biberach 1978 e.V."]
[BlackTeam "SG Turm Idstein"]

1. e4 d6 2. d4 g6 3. Nf3 Bg7 4. Nc3 Nf6 5. Bf4 O-O 6. Qd2 c6 7. Bd3 Nbd7 8. Bh6
e5 9. dxe5 dxe5 10. Bxg7 Kxg7 11. O-O-O Qe7 12. Ne2 Nc5 13. Qg5 h6 14. Qxe5
Qxe5 15. Nxe5 Nfxe4 16. Bxe4 Nxe4 17. Rhf1 Be6 18. f3 Nc5 19. Nf4 Rae8 20.
Nxe6+ Rxe6 21. Nd7 Nxd7 22. Rxd7 Re2 23. Rxb7 1/2-1/2

[Event "25.Schlosspark-Open"]
[Site "Wiesbaden-Biebrich"]
[Date "2013.08.23"]
[Round "3.58"]
[White "Braunberger, Gerald"]
[Black "Schöber, Sebastian"]
[Result "0-1"]
[WhiteElo "1951"]
[BlackElo "1730"]
[PlyCount "90"]
[EventDate "2013.??.??"]
[WhiteTeam "SK Bad Homburg 1927"]
[BlackTeam "SC Rochade 69 Diez e. V."]

1. Nf3 c5 2. c4 Nc6 3. g3 d6 4. b3 e5 5. Nc3 g6 6. Bg2 Bg7 7. Rb1 Nge7 8. O-O
O-O 9. Bb2 Bf5 10. d3 Qd7 11. Ne1 Bh3 12. Nc2 Bxg2 13. Kxg2 f5 14. Ne3 f4 15.
Ned5 Rae8 16. Bc1 fxg3 17. hxg3 Rf5 18. Nxe7+ Rxe7 19. Be3 Rh5 20. Rh1 Rxh1 21.
Qxh1 Nd4 22. Bxd4 exd4 23. Ne4 d5 24. cxd5 Qxd5 25. Qh4 Re5 26. Rh1 h6 27. Qg4
Kh7 28. Qf4 b6 29. Kg1 Rf5 30. Qb8 Rf7 31. Rh4 g5 32. Rh1 Qf5 33. Qe8 Rf8 34.
Qh5 Kg8 35. Rh2 b5 36. f3 c4 37. bxc4 bxc4 38. dxc4 Qa5 39. Kf1 Qxa2 40. Nxg5
Qb1+ 41. Kf2 hxg5 42. Qxg5 Qf5 43. Qe7 d3 44. Qe3 dxe2 45. Qxe2 Rb8 0-1

[Event "25.Schlosspark-Open"]
[Site "Wiesbaden-Biebrich"]
[Date "2013.08.23"]
[Round "3.59"]
[White "Kempfer, Justus"]
[Black "Haftmann, Rainer"]
[Result "1-0"]
[WhiteElo "1683"]
[BlackElo "1939"]
[PlyCount "127"]
[EventDate "2013.??.??"]
[WhiteTeam "SJ Herborn 1998"]
[BlackTeam "SAbt SG 1945 Dietzenbach"]

1. e4 e5 2. Nf3 Nc6 3. Bc4 Nf6 4. Ng5 d5 5. exd5 Na5 6. Bb5+ c6 7. dxc6 bxc6 8.
Be2 h6 9. Nf3 e4 10. Ne5 Bc5 11. O-O Qd4 12. Ng4 Bxg4 13. Bxg4 e3 14. Bf3 exf2+
15. Kh1 O-O 16. c3 Qh4 17. g3 Qh3 18. Bg2 Qf5 19. b4 Bd6 20. bxa5 Bxg3 21. Qf3
Qxf3 22. Bxf3 Bh4 23. Ba3 Rfe8 24. Bc5 Re1 25. Kg2 Rxf1 26. Kxf1 Nd7 27. Bxf2
Bxf2 28. Kxf2 Ne5 29. Be2 Rb8 30. d4 Ng6 31. Nd2 Rb2 32. Ke3 Ne7 33. Bf3 f5 34.
a3 g5 35. h3 Kf7 36. Rb1 Ra2 37. Rb3 Ra1 38. Nc4 f4+ 39. Ke2 Kf6 40. Ne5 Ra2+
41. Kd3 c5 42. Nd7+ Kg6 43. Nxc5 Rh2 44. Bg4 h5 45. Bd7 Nf5 46. Ke4 Ng3+ 47.
Kf3 Nf5 48. Ke4 Re2+ 49. Kf3 Re3+ 50. Kg2 Rg3+ 51. Kh2 Re3 52. d5 Re2+ 53. Kg1
Ne3 54. Be8+ Kh6 55. d6 f3 56. Ne4 Rg2+ 57. Kh1 g4 58. d7 f2 59. Rb1 gxh3 60.
Nxf2 Rxf2 61. d8=Q Ng4 62. Qd6+ Kg5 63. Rb5+ Kh4 64. Rxh5# 1-0

[Event "25.Schlosspark-Open"]
[Site "Wiesbaden-Biebrich"]
[Date "2013.08.23"]
[Round "3.60"]
[White "Beck, Michael"]
[Black "Lorenz, Hermann"]
[Result "1-0"]
[WhiteElo "1930"]
[BlackElo "1673"]
[PlyCount "69"]
[EventDate "2013.??.??"]
[WhiteTeam "SC Flörsheim 1921"]
[BlackTeam "Sfr.Mainz 1928"]

1. Nf3 Nf6 2. c4 g6 3. d4 Bg7 4. Nc3 d5 5. cxd5 Nxd5 6. e4 Nxc3 7. bxc3 c5 8.
Be3 Nc6 9. Qd2 cxd4 10. cxd4 O-O 11. Rc1 Bd7 12. Be2 Rc8 13. O-O Qa5 14. Qxa5
Nxa5 15. d5 e6 16. Bd2 b6 17. Ba6 Rb8 18. Rc7 Ba4 19. Bb4 Rfe8 20. Rfc1 exd5
21. exd5 Bb2 22. Rb1 Be5 23. Rxa7 Rbd8 24. Nxe5 Rxe5 25. Bxa5 bxa5 26. Bb7 Bc2
27. Rc1 Bf5 28. Rxa5 Rd7 29. Bc6 Rc7 30. Ra8+ Kg7 31. Rd1 Bc2 32. Rc1 Be4 33.
Re1 Rce7 34. f4 Rf5 35. d6 1-0

[Event "25.Schlosspark-Open"]
[Site "Wiesbaden-Biebrich"]
[Date "2013.08.23"]
[Round "3.62"]
[White "Bajer, Renato"]
[Black "Rosmanitz, Anna"]
[Result "1-0"]
[WhiteElo "1923"]
[BlackElo "1615"]
[PlyCount "67"]
[EventDate "2013.??.??"]
[WhiteTeam "SF 47 Neckartenzlingen"]
[BlackTeam "SC 1979 Hattersheim"]

1. e4 e5 2. Nf3 Nc6 3. d4 exd4 4. Bc4 h6 5. O-O Bc5 6. c3 dxc3 7. Bxf7+ Kf8 8.
Nxc3 d6 9. Bb3 Bg4 10. h3 Bh5 11. g4 Bg6 12. Be3 Qe7 13. Bxc5 dxc5 14. Nd5 Qf7
15. Nb6 Rd8 16. Qxd8+ Nxd8 17. Bxf7 Kxf7 18. Ne5+ Kf6 19. Nbd7+ Ke6 20. Nxg6
Kxd7 21. Nxh8 Ne7 22. f4 Ke8 23. f5 Ndc6 24. Ng6 Nxg6 25. fxg6 Ne5 26. Rf5 Nxg6
27. Rxc5 c6 28. Rf1 Ne7 29. Re5 b6 30. Rc1 Kf7 31. Rxe7+ Kxe7 32. Rxc6 Kf7 33.
Rc7+ Kf6 34. Rxa7 1-0

[Event "25.Schlosspark-Open"]
[Site "Wiesbaden-Biebrich"]
[Date "2013.08.23"]
[Round "3.63"]
[White "Kellerwessel, Ralf"]
[Black "Reinisch, Markus"]
[Result "1-0"]
[WhiteElo "1919"]
[BlackElo "1040"]
[PlyCount "59"]
[EventDate "2013.??.??"]
[WhiteTeam "SC Bad Soden"]
[BlackTeam "Wiesbadener SV 1885"]

1. d4 d5 2. Nf3 Nf6 3. c4 e6 4. a3 c5 5. e3 Be7 6. Nc3 O-O 7. Bd3 Nc6 8. O-O a6
9. b3 Qc7 10. Bb2 Rd8 11. cxd5 exd5 12. h3 b5 13. dxc5 Bxc5 14. Ne2 Ne4 15. Qc2
Qe7 16. b4 Nxb4 17. axb4 Bxb4 18. Bd4 Bb7 19. Qb2 f6 20. Rfb1 Bc5 21. Rc1 Rac8
22. Bxc5 Rxc5 23. Rxc5 Qxc5 24. Rc1 Qb6 25. Qa2 Re8 26. Nfd4 b4 27. Bxe4 Rxe4
28. Qa4 Re7 29. Nf5 Rf7 30. Qe8+ 1-0

[Event "25.Schlosspark-Open"]
[Site "Wiesbaden-Biebrich"]
[Date "2013.08.23"]
[Round "3.64"]
[White "Eg, Karlheinz"]
[Black "Mehl, Ulrich"]
[Result "1-0"]
[WhiteElo "1999"]
[BlackElo "1520"]
[PlyCount "39"]
[EventDate "2013.??.??"]
[WhiteTeam "SV Rüsselsheim 1929"]
[BlackTeam "SAbt TSG Nieder-Erlenbach 1888"]

1. e4 c6 2. d4 d5 3. exd5 cxd5 4. c4 Nf6 5. Nc3 e6 6. Nf3 Bb4 7. Qb3 Nc6 8. Bg5
Qa5 9. Bxf6 gxf6 10. Bd3 dxc4 11. Bxc4 O-O 12. O-O Qf5 13. Qd1 Kh8 14. Bd3 Qg4
15. Re1 Nxd4 16. Nxd4 Qxd4 17. Re4 Qd6 18. Nb5 Qc6 19. Rh4 f5 20. Qh5 1-0

[Event "25.Schlosspark-Open"]
[Site "Wiesbaden-Biebrich"]
[Date "2013.08.23"]
[Round "3.65"]
[White "Schmid, Eugen"]
[Black "Günther, Rainer"]
[Result "1-0"]
[WhiteElo "1959"]
[BlackElo "1707"]
[PlyCount "79"]
[EventDate "2013.??.??"]
[WhiteTeam "SV Herrenberg e.V."]
[BlackTeam "SV Mainz-Mombach"]

1. d4 Nf6 2. Nf3 e6 3. g3 c6 4. Bg2 d5 5. O-O Be7 6. c4 Nbd7 7. Qc2 Nf8 8. Nbd2
Ng6 9. e4 dxe4 10. Nxe4 Nxe4 11. Qxe4 O-O 12. Bd2 f5 13. Qe2 Bf6 14. Bc3 f4 15.
Rad1 Qc7 16. Rfe1 Bd7 17. Bb4 Rfe8 18. Ne5 Bxe5 19. dxe5 c5 20. Rxd7 Qxd7 21.
Bxc5 a6 22. Rd1 Qf7 23. Bd6 Rad8 24. c5 fxg3 25. hxg3 Qd7 26. Qe4 Re7 27. Rd3
Rf7 28. Rb3 Qc8 29. Bf3 Ne7 30. Rxb7 Nf5 31. Rxf7 Nxd6 32. exd6 Kxf7 33. b4 Kg8
34. Bg4 Re8 35. c6 Qd8 36. Bxe6+ Kf8 37. Qd5 Qf6 38. c7 Rxe6 39. c8=Q+ Re8 40.
Qcf5 1-0

[Event "25.Schlosspark-Open"]
[Site "Wiesbaden-Biebrich"]
[Date "2013.08.23"]
[Round "3.66"]
[White "Klebs, Sebastian"]
[Black "Herda, Christoph"]
[Result "1-0"]
[WhiteElo "1707"]
[BlackElo "1917"]
[PlyCount "39"]
[EventDate "2013.??.??"]
[WhiteTeam "VfR-SC Koblenz"]
[BlackTeam "SVG Lauterbach"]

1. e4 d5 2. exd5 Qxd5 3. Nc3 Qa5 4. d4 Nf6 5. Bd3 Nc6 6. Nge2 Bg4 7. f3 Bh5 8.
O-O O-O-O 9. Be3 Bg6 10. Ne4 e5 11. c3 exd4 12. cxd4 Nd5 13. Bf2 Ndb4 14. Bb1
Bxe4 15. fxe4 f6 16. a3 Na6 17. Bd3 Ncb8 18. b4 Nxb4 19. axb4 Qxb4 20. Rxa7 1-0

[Event "25.Schlosspark-Open"]
[Site "Wiesbaden-Biebrich"]
[Date "2013.08.23"]
[Round "3.67"]
[White "Lanz, Udo"]
[Black "Diener, Carolin Valeria"]
[Result "1-0"]
[WhiteElo "1896"]
[BlackElo "1700"]
[PlyCount "49"]
[EventDate "2013.??.??"]
[WhiteTeam "SC Eberbach"]
[BlackTeam "Sfr.1891 Friedberg"]

1. c4 e6 2. g3 Nf6 3. Bg2 d5 4. b3 Be7 5. Bb2 O-O 6. e3 c5 7. Ne2 Nc6 8. O-O
Qd7 9. cxd5 Nxd5 10. d4 cxd4 11. Nxd4 Nxd4 12. Bxd4 Rd8 13. Nc3 Nxc3 14. Bxc3
Qb5 15. Qc2 Rb8 16. Qb2 f6 17. Rfd1 e5 18. Rxd8+ Bxd8 19. Bf1 Qd7 20. Bc4+ Kh8
21. Qa3 Be7 22. Qxa7 Qd6 23. Bb4 Qxb4 24. Qxb8 Qc5 25. Be6 1-0

[Event "25.Schlosspark-Open"]
[Site "Wiesbaden-Biebrich"]
[Date "2013.08.23"]
[Round "3.68"]
[White "Paschmann, Stefan"]
[Black "Triantafillidis, Dimitrios"]
[Result "1-0"]
[WhiteElo "1886"]
[BlackElo "1660"]
[PlyCount "53"]
[EventDate "2013.??.??"]
[WhiteTeam "Krefelder SK Turm 1851 e"]
[BlackTeam "SF HN-Biberach 1978 e.V."]

1. d4 Nf6 2. Nf3 g6 3. Nc3 Bg7 4. e4 d6 5. Be3 O-O 6. Qd2 Re8 7. Be2 Nfd7 8. h4
e5 9. d5 h5 10. Ng5 Nf6 11. f3 c6 12. dxc6 bxc6 13. O-O-O Bf8 14. Bc4 Be6 15.
Nxe6 fxe6 16. Bh6 d5 17. Bxf8 Rxf8 18. Qg5 Qe8 19. exd5 exd5 20. Bb3 Kg7 21.
Rde1 Nbd7 22. Rhf1 d4 23. Ne4 Nh7 24. Qg3 Qe7 25. Qh2 Rf5 26. Ng3 Rf4 27. Nxh5+
1-0

[Event "25.Schlosspark-Open"]
[Site "Wiesbaden-Biebrich"]
[Date "2013.08.23"]
[Round "3.69"]
[White "Braum, Hermann Josef"]
[Black "Beck, Andreas"]
[Result "0-1"]
[WhiteElo "1550"]
[BlackElo "1884"]
[PlyCount "66"]
[EventDate "2013.??.??"]
[WhiteTeam "Vorw.Orient Mainz"]
[BlackTeam "TSV Germania 1900 Malschenberg"]

1. d4 Nf6 2. Nf3 e6 3. c4 Bb4+ 4. Nc3 O-O 5. a3 Bxc3+ 6. bxc3 c5 7. Bg5 h6 8.
Bh4 g5 9. Nxg5 hxg5 10. Bxg5 Qa5 11. Qd3 Ne4 12. Bd2 Nxd2 13. Qxd2 cxd4 14.
Qxd4 f5 15. g3 Nc6 16. Qe3 Qe5 17. Qd2 Na5 18. Qd3 Nb3 19. f4 Qf6 20. Rb1 Nc5
21. Qc2 Rb8 22. Bg2 b6 23. O-O Ba6 24. Rb4 Bb7 25. Rd1 Rf7 26. Rd6 Bxg2 27.
Kxg2 Ne4 28. Rd3 Rh7 29. Qc1 Qh6 30. Qh1 Qh5 31. Rb2 Rc8 32. Kf1 Kh8 33. e3
Nxg3+ 0-1

[Event "25.Schlosspark-Open"]
[Site "Wiesbaden-Biebrich"]
[Date "2013.08.23"]
[Round "3.70"]
[White "Kiechl, Stefan"]
[Black "Lessmann, Sven"]
[Result "0-1"]
[WhiteElo "1876"]
[BlackElo "1697"]
[PlyCount "34"]
[EventDate "2013.??.??"]
[WhiteTeam "SK Kriegshaber"]
[BlackTeam "SC Bad Soden"]

1. Nf3 d5 2. c4 c6 3. b3 Nf6 4. Bb2 Bf5 5. g3 Nbd7 6. Bg2 e6 7. O-O Bd6 8. d3
Qc7 9. Nc3 O-O-O 10. Rc1 a6 11. a3 h5 12. b4 Ne5 13. Nxe5 Bxe5 14. d4 dxc4 15.
Nd5 Nxd5 16. e4 Bg4 17. Qa4 Nb6 0-1

[Event "25.Schlosspark-Open"]
[Site "Wiesbaden-Biebrich"]
[Date "2013.08.23"]
[Round "3.71"]
[White "Bolduan, Michael"]
[Black "Happel, Jürgen"]
[Result "1-0"]
[WhiteElo "1862"]
[BlackElo "1552"]
[PlyCount "73"]
[EventDate "2013.??.??"]
[WhiteTeam "SC Taunusstein 1966"]
[BlackTeam "SV 1920 Hofheim"]

1. e4 e5 2. d4 exd4 3. Qxd4 Nc6 4. Qe3 d6 5. Bd2 Nf6 6. h3 Be7 7. Nc3 O-O 8.
O-O-O Be6 9. f4 h6 10. Nf3 Nh7 11. g4 f6 12. Be2 Bf7 13. h4 a6 14. Rdg1 d5 15.
exd5 Bxd5 16. Bd3 Bxf3 17. Qxf3 Re8 18. g5 fxg5 19. hxg5 Nd4 20. Qe4 Nf8 21.
gxh6 Bf6 22. Qg2 Re7 23. Ne4 Rd7 24. Bc4+ Nde6 25. f5 Rd4 26. Bb3 Qe7 27. Bc3
Rad8 28. fxe6 b5 29. hxg7 Bxg7 30. Bxd4 Rxd4 31. Nf6+ Qxf6 32. e7+ Rc4 33.
exf8=Q+ Qxf8 34. Qd5+ Qf7 35. Bxc4 bxc4 36. Qxf7+ Kxf7 37. Rh7 1-0

[Event "25.Schlosspark-Open"]
[Site "Wiesbaden-Biebrich"]
[Date "2013.08.23"]
[Round "3.72"]
[White "Lehmann, Wolfgang"]
[Black "Rüll, Michael"]
[Result "0-1"]
[WhiteElo "1482"]
[BlackElo "1854"]
[PlyCount "60"]
[EventDate "2013.??.??"]
[WhiteTeam "Wiesbadener SV 1885"]
[BlackTeam "SC 1952 Obertshausen"]

1. d4 Nf6 2. Nf3 d6 3. c4 g6 4. Nc3 Bg7 5. e4 O-O 6. Be3 e5 7. d5 Ng4 8. Qd2
Nxe3 9. Qxe3 f5 10. exf5 e4 11. Nd4 gxf5 12. O-O-O Qf6 13. h3 Bh6 14. Be2 Bxe3+
15. fxe3 c5 16. Ndb5 a6 17. Nc7 Ra7 18. Rhf1 b6 19. Ne6 Bxe6 20. dxe6 Qxe6 21.
Nd5 Nd7 22. g4 Ne5 23. gxf5 Rxf5 24. Rxf5 Qxf5 25. Rg1+ Kh8 26. Nf4 Nd3+ 27.
Bxd3 exd3 28. Kd2 b5 29. h4 bxc4 30. Rg5 Qf6 0-1

[Event "25.Schlosspark-Open"]
[Site "Wiesbaden-Biebrich"]
[Date "2013.08.23"]
[Round "3.73"]
[White "Englert, Fred"]
[Black "Wöhl, Torsten"]
[Result "1-0"]
[WhiteElo "1841"]
[BlackElo "1647"]
[PlyCount "91"]
[EventDate "2013.??.??"]
[WhiteTeam "SK 1982 Klingenberg/Main"]
[BlackTeam "SC Groß-Zimmern"]

1. c4 g6 2. g3 Bg7 3. Bg2 Nf6 4. Nf3 Nc6 5. Nc3 d5 6. cxd5 Nxd5 7. O-O Nxc3 8.
bxc3 O-O 9. Rb1 Rb8 10. Re1 Be6 11. Qc2 Qd7 12. d3 Bh3 13. e4 Bxg2 14. Kxg2 Ne5
15. Nxe5 Bxe5 16. f4 Bg7 17. Be3 b6 18. d4 Qc6 19. d5 Qd6 20. Rbd1 e5 21. dxe6
Qxe6 22. e5 Rbd8 23. Rd2 Rxd2+ 24. Qxd2 c5 25. Rd1 f5 26. Qd5 Qxd5+ 27. Rxd5
Rf7 28. c4 Re7 29. Kf3 Kf7 30. h3 h5 31. Rd6 Re6 32. Rd8 Re7 33. a4 Re8 34. Rd5
Re6 35. Bf2 g5 36. a5 g4+ 37. hxg4 hxg4+ 38. Ke3 Bf8 39. Kd3 Rh6 40. Rd7+ Be7
41. Rxa7 bxa5 42. Bxc5 Re6 43. Kc3 Ke8 44. Rxe7+ Rxe7 45. Bxe7 Kxe7 46. Kb3 1-0

[Event "25.Schlosspark-Open"]
[Site "Wiesbaden-Biebrich"]
[Date "2013.08.23"]
[Round "3.74"]
[White "Spinnler, Wolfgang"]
[Black "Liez, Franziska"]
[Result "1-0"]
[WhiteElo "1683"]
[BlackElo "1841"]
[PlyCount "111"]
[EventDate "2013.??.??"]
[WhiteTeam "SC Landskrone"]
[BlackTeam "Biebertaler SF"]

1. d4 Nf6 2. c4 e6 3. Nc3 Be7 4. Bg5 b6 5. e3 Bb7 6. Nf3 O-O 7. Bd3 d6 8. e4
Nbd7 9. O-O c5 10. d5 Nxd5 11. Bxe7 Nxe7 12. Qc2 Ng6 13. Rfe1 Nde5 14. Nxe5
Nxe5 15. Bf1 Qg5 16. Re3 Rfd8 17. Rd1 Qe7 18. Qe2 Ba6 19. b3 Nc6 20. Qh5 Qf6
21. Rh3 Qg6 22. Qh4 f6 23. Rdd3 h5 24. Rdg3 Qh6 25. Qxh5 Qxh5 26. Rxh5 Ne5 27.
f4 Nf7 28. Rd3 Bb7 29. g3 g6 30. Rh4 Kg7 31. g4 a6 32. Rdh3 Rh8 33. Bg2 Rxh4
34. Rxh4 Rd8 35. Rh3 g5 36. f5 e5 37. Rd3 Bc6 38. a4 Rb8 39. h3 Kf8 40. Kf2 b5
41. axb5 axb5 42. cxb5 Bxb5 43. Nxb5 Rxb5 44. Bf1 Rb4 45. Re3 Ke7 46. Bc4 Nd8
47. Kg3 Nc6 48. h4 gxh4+ 49. Kxh4 Na5 50. Bd5 Rb8 51. g5 fxg5+ 52. Kxg5 Rh8 53.
f6+ Kf8 54. Rg3 Rg8+ 55. Bxg8 Kxg8 56. Kg6 1-0

[Event "25.Schlosspark-Open"]
[Site "Wiesbaden-Biebrich"]
[Date "2013.08.23"]
[Round "3.75"]
[White "Böddeker, Henry"]
[Black "Löster, Mario"]
[Result "1-0"]
[WhiteElo "1744"]
[BlackElo "1431"]
[PlyCount "75"]
[EventDate "2013.??.??"]
[WhiteTeam "SV 1920 Hofheim"]
[BlackTeam "FC 1934 Wiesbaden-Bierstadt"]

1. e4 c5 2. Nf3 e6 3. b3 d6 4. Bb2 Nf6 5. e5 dxe5 6. Nxe5 a6 7. Be2 Nc6 8. Nxc6
bxc6 9. O-O Be7 10. Bf3 Bb7 11. Na3 O-O 12. Nc4 Nd7 13. Re1 Bf6 14. Bxf6 Nxf6
15. Re5 Nd7 16. Rh5 g6 17. Rh3 Nf6 18. d3 Qc7 19. Qd2 Qd8 20. Ne5 Qd4 21. Re1
Rfc8 22. Qh6 Rc7 23. g4 Qc3 24. Re2 Kh8 25. g5 Nh5 26. Bxh5 gxh5 27. Qf6+ Kg8
28. Kg2 Qd4 29. Rxh5 c4 30. bxc4 c5+ 31. f3 Rf8 32. Qh6 f6 33. gxf6 Bxf3+ 34.
Kxf3 Qd8 35. Rg2+ Kh8 36. Ng6+ Kg8 37. Nxf8+ Kf7 38. Qxh7+ 1-0

[Event "25.Schlosspark-Open"]
[Site "Wiesbaden-Biebrich"]
[Date "2013.08.23"]
[Round "3.76"]
[White "Siegismund, Florian"]
[Black "Gelfenbaum, Daniel"]
[Result "1-0"]
[WhiteElo "1813"]
[BlackElo "1332"]
[PlyCount "57"]
[EventDate "2013.??.??"]
[WhiteTeam "SK Bad Schwalbach"]
[BlackTeam "SAbt TuS Makkabi Ffm"]

1. d4 d5 2. c4 e6 3. cxd5 exd5 4. Nc3 Nf6 5. Bg5 Bb4 6. Qb3 Bxc3+ 7. bxc3 Be6
8. Qxb7 Nbd7 9. e3 O-O 10. Bd3 Qb8 11. Qxb8 Raxb8 12. Nf3 Ne4 13. Bf4 Rb7 14.
O-O c5 15. Bxe4 dxe4 16. Nd2 f5 17. c4 cxd4 18. exd4 Rb2 19. Rfb1 Rxb1+ 20.
Rxb1 Nb6 21. d5 Bd7 22. d6 Rc8 23. Rc1 Be6 24. c5 Rc6 25. Nb3 Nd5 26. Bg5 f4
27. Nd4 Bd7 28. Nxc6 Bxc6 29. Rd1 1-0

[Event "25.Schlosspark-Open"]
[Site "Wiesbaden-Biebrich"]
[Date "2013.08.23"]
[Round "3.77"]
[White "Klimshin, Ilia"]
[Black "Mütsch, Annmarie"]
[Result "1-0"]
[WhiteElo "1723"]
[BlackElo "1277"]
[PlyCount "127"]
[EventDate "2013.??.??"]
[WhiteTeam "vereinslos"]
[BlackTeam "SF HN-Biberach 1978 e.V."]

1. e4 e5 2. Nf3 Nc6 3. d4 exd4 4. Nxd4 Nxd4 5. Qxd4 d6 6. Nc3 Be6 7. Bc4 c5 8.
Bb5+ Bd7 9. Bxd7+ Qxd7 10. Qd3 Nf6 11. Bf4 Be7 12. O-O-O Rd8 13. Nd5 Nxd5 14.
Qxd5 O-O 15. Bg3 Qb5 16. Qd3 Qb6 17. Qb3 Qxb3 18. axb3 Rd7 19. Rd3 Rfd8 20.
Rhd1 g6 21. c4 a6 22. e5 b5 23. exd6 Bf6 24. Kc2 h5 25. h3 bxc4 26. bxc4 Rb7
27. b3 h4 28. Bf4 Rb6 29. Re1 Rd7 30. Re8+ Kg7 31. Rc8 Bd4 32. Rc7 Rb7 33. Rxb7
Rxb7 34. Be3 Bxe3 35. Rxe3 Rd7 36. Rd3 Kf6 37. Rd5 Ke6 38. Rxc5 Rxd6 39. Ra5
Ke7 40. c5 Re6 41. Kd2 Rf6 42. f3 Rf5 43. b4 Rf6 44. Kd3 Kd7 45. Kc3 Kc7 46.
Ra2 Kb7 47. Re2 Kc6 48. Re4 g5 49. Re5 Rg6 50. Kc4 Rg7 51. Re7 Rg8 52. Ra7 Re8
53. Rxa6+ Kb7 54. Ra2 f5 55. Rd2 Re7 56. b5 Rg7 57. c6+ Kb6 58. Ra2 Rg6 59.
Ra6+ Kc7 60. Ra7+ Kc8 61. Kc5 Kd8 62. b6 g4 63. Rd7+ Kc8 64. b7+ 1-0